000
00293nam a22001097a 4500
008
160419b xxu||||| |||| 00| 0 eng d
020
_a
6368500773
041
_a
eng
080
_2
618.2
_a
618.2
245
_a
Adult Mursing: in Hospital and Community Settings:
_c
Lenette O.Burrell;
942
_2
udc
_c
BK
999
_c
1431
_d
1431